Pravidla českého pravopisu : Školní vydání

Gespeichert in:
Bibliographische Detailangaben
Format: Buch
Sprache:Tschechisch
Veröffentlicht: Praha : Státní pedagogické nakladatelství, 1989
Ausgabe:17.vyd.
Tags: Tag hinzufügen
Keine Tags, Fügen Sie das erste Tag hinzu!

MARC

LEADER 00000nam a22000003a 4500
001 stu793
005 20150408175008.1
008 911118s1989----cs------------------cze-d
040 |a STU  |b slo 
041 0 |a cze 
044 |a cs 
080 |a 808.50-1 
245 |a Pravidla českého pravopisu :  |b Školní vydání 
250 |a 17.vyd. 
260 |a Praha :  |b Státní pedagogické nakladatelství,  |c 1989 
300 |a 424 s 
996 |b 284EK08249  |c E*75356  |l EE01  |s A  |a 24  |w stu793_0001